| 000 | 00940nam a2200301 i 4500 | ||
|---|---|---|---|
| 003 | DO-SdBNP | ||
| 005 | 20240619113636.0 | ||
| 007 | ta | ||
| 008 | 110117s2012 dr a b 000 j spa d | ||
| 020 | _a9789945164732 | ||
| 040 |
_aDO-SdBNP _bspa _cBNPHU _erda |
||
| 082 |
_bC669 _222 |
||
| 100 | 1 |
_aGrimaldi Silié, Eleanor, _d1948- _985713 |
|
| 245 | 1 | 3 |
_aCódigo de ética : _breglamento de aplicación del código de ética _c |
| 264 | 1 |
_aSanto Domingo : _bCobtraloría General de la República, _c2012. |
|
| 300 |
_a64 páginas ; _c26 cm. |
||
| 336 |
_2rdacontent _atexto _btxt |
||
| 337 |
_2rdamedia _asin mediación _bn |
||
| 338 |
_2rdacarrier _avolumen _bnc |
||
| 521 | _aLibros infantiles. | ||
| 590 | _aInventariado, 2023/ DG | ||
| 650 | 0 |
_aCuentos dominicanos _9176 |
|
| 650 | 0 |
_aPoesía dominicana _966 |
|
| 650 | 0 |
_aLiteratura dominicana. _967 |
|
| 650 | 4 |
_aLiteratura infantil _92053 |
|
| 910 | _aDG | ||
| 942 |
_2ddc _cLBS1 |
||
| 999 |
_c55532 _d55532 |
||